01005nas a22002537a 45000010005000000030005000050050017000100080041000270220014000680400020000822220037001022450175001392600030003143000013003443100010003573620017003675000043003845000081004275050077005086500029005857100052006147400040006667850045007062566CDMR20180417140549.0180417c2002||||sp ar|||||||||||||||spa|d a1696-683X aCDMRbcatcCDMR aLibro blanco de la prensa diaria10aLibro blanco de la prensa diariab: estudios sobre los medios de prensa escrita desde las ópticas empresariales, tecnológicas, legales, éticas y de contenidoscAEDE aMadridbAEDEc2002 - 2016 bil.ccm. aAnual a2002 -- 2016 aPosteriorment el subtítol desapareix aÉs substituïda l'any 2017 per: El libro blanco de la información / AMI aA partir de 2014 inclou una targeta de memòria USB amb estadístiques04aPremsazEspanyavAnuaris2 aAsociación de Editores de Diarios Españoles32aEl libro blanco de la información02aEl libro blanco de la informacióndAMI